[Event "Voronezh op-A 15th"]
[Site "Voronezh"]
[Date "2011.06.21"]
[Round "9"]
[White "Karpuzov, Georgiy"]
[Black "Potapova, Maria"]
[Result "1-0"]
[WhiteElo "1853"]
[BlackElo "1852"]
[PlyCount "79"]
[EventDate "2011.06.12"]
[EventType "swiss"]
[EventRounds "9"]
[EventCountry "RUS"]
[SourceTitle "CBM 143 Extra"]
[Source "ChessBase"]
[SourceDate "2011.08.29"]
[SourceVersion "1"]
[SourceVersionDate "2011.08.29"]
[SourceQuality "1"]

1. e4 c5 2. Nf3 e6 3. d4 cxd4 4. Nxd4 a6 5. c4 Bc5 6. Be3 Qc7 7. Be2 Nf6 8. Qd3 0-0 9. Nd2 b6 10. 0-0 Bb7 11. Kh1 Nc6 12. Nxc6 Qxc6 13. Bxc5 bxc5 14. Bf3 Qc7 15. e5 Bxf3 16. Nxf3 Ng4 17. Ng5 g6 18. f4 f6 19. Qh3 fxg5 20. Qxg4 gxf4 21. Rad1 Rf5 22. Rxf4 Qxe5 23. Rxf5 exf5 24. Qf3 Rb8 25. b3 d6 26. Qc6 a5 27. h3 Rb4 28. Qa8+ Kg7 29. Qxa5 Qe2 30. Qc7+ Kh6 31. Qxd6 Qxa2 32. Qf4+ Kg7 33. Rd7+ Kf6 34. Rd6+ Kg7 35. Qe5+ Kh6 36. Qe3+ Kh5 37. g4+ Kh4 38. Qh6+ Kg3 39. Rd3+ Kf2 40. Qe3+ 1-0

[Event "Voronezh op-A 14th"]
[Site "Voronezh"]
[Date "2010.06.20"]
[Round "8"]
[White "Chekhov, Sergey"]
[Black "Potapova, Maria"]
[Result "1-0"]
[WhiteElo "2361"]
[BlackElo "1849"]
[PlyCount "51"]
[EventDate "2010.06.12"]
[EventType "swiss"]
[EventRounds "9"]
[EventCountry "RUS"]
[SourceTitle "CBM 137 Extra"]
[Source "ChessBase"]
[SourceDate "2010.09.01"]
[SourceVersion "1"]
[SourceVersionDate "2010.09.01"]
[SourceQuality "1"]

1. e4 c5 2. c3 Nf6 3. e5 Nd5 4. d4 cxd4 5. Nf3 e6 6. cxd4 b6 7. Nc3 Nxc3 8. bxc3 Qc7 9. Bd2 Be7 10. Be3 Ba6 11. Bxa6 Nxa6 12. Qe2 Qb7 13. 0-0 0-0 14. Bg5 Bd8 15. Bxd8 Raxd8 16. Ng5 d6 17. f4 Nc7 18. Qd3 g6 19. Qh3 h5 20. Rae1 Kg7 21. Qg3 Nd5 22. f5 exf5 23. e6 f4 24. Qf3 f6 25. e7 fxg5 26. exd8N 1-0

[Event "Voronezh op-A 14th"]
[Site "Voronezh"]
[Date "2010.06.18"]
[Round "6"]
[White "Potapova, Maria"]
[Black "Grigorian, Vardan"]
[Result "0-1"]
[WhiteElo "1849"]
[BlackElo "2297"]
[PlyCount "104"]
[EventDate "2010.06.12"]
[EventType "swiss"]
[EventRounds "9"]
[EventCountry "RUS"]
[SourceTitle "CBM 137 Extra"]
[Source "ChessBase"]
[SourceDate "2010.09.01"]
[SourceVersion "1"]
[SourceVersionDate "2010.09.01"]
[SourceQuality "1"]

1. c4 e5 2. g3 f5 3. Bg2 Nf6 4. d3 Nc6 5. Nf3 Be7 6. 0-0 0-0 7. Nc3 d6 8. Rb1 a5 9. a3 Bd7 10. b4 axb4 11. axb4 Qc8 12. Bd2 h6 13. b5 Nd4 14. Nxd4 exd4 15. Nd5 Nxd5 16. cxd5 b6 17. Qc2 Qb7 18. Qc4 Bf6 19. Rfc1 Ra7 20. Rc2 Rfa8 21. Rb4 Ra1+ 22. Bc1 R8a3 23. Rb3 Rxb3 24. Qxb3 Ra5 25. Qc4 Bxb5 26. Qxc7 Qxc7 27. Rxc7 Ba4 28. Rb7 Rb5 29. Bf4 Rb1+ 30. Bf1 Bd1 31. Kg2 Bb3 32. Rb8+ Kf7 33. Bxd6 Bxd5+ 34. f3 Be7 35. Be5 Bf6 36. Bd6 Be7 37. Be5 Bf6 38. Bd6 g5 39. Kf2 h5 40. f4 g4 41. Rf8+ Kg7 42. Re8 h4 43. Bg2 Bxg2 44. Kxg2 h3+ 45. Kf2 Rh1 46. Be5 Rxh2+ 47. Kf1 Kf7 48. Rb8 Bxe5 49. fxe5 Ke6 50. Rxb6+ Kxe5 51. Rb5+ Kf6 52. Rd5 Rxe2 0-1

[Event "Peterhof op"]
[Site "Peterhof"]
[Date "2010.01.04"]
[Round "2"]
[White "Khan, Alexander"]
[Black "Potapova, Maria"]
[Result "0-1"]
[WhiteElo "2321"]
[BlackElo "1837"]
[PlyCount "58"]
[EventDate "2010.01.03"]
[EventType "swiss"]
[EventRounds "9"]
[EventCountry "RUS"]
[SourceTitle "CBM 134 Extra"]
[Source "ChessBase"]
[SourceDate "2010.03.03"]
[SourceVersion "1"]
[SourceVersionDate "2010.03.03"]
[SourceQuality "1"]

1. e4 c5 2. Nc3 Nc6 3. f4 g6 4. Nf3 Bg7 5. Bc4 e6 6. d3 Nge7 7. e5 d6 8. exd6 Nf5 9. Bb5 0-0 10. Bxc6 bxc6 11. 0-0 Nxd6 12. Be3 Qa5 13. Ne5 Nf5 14. Bd2 Qb6 15. Nc4 Qd8 16. Kh1 Ba6 17. Ne5 Nd4 18. Ne4 Qe7 19. Bc3 Rac8 20. Qd2 Rfd8 21. Rab1 Nb5 22. Ba5 Rd4 23. c4 Nd6 24. Nxc5 Nxc4 25. Qb4 Bxe5 26. fxe5 Qg5 27. Nxa6 Ne3 28. g3 Rxb4 29. Nxb4 Nxf1 0-1

[Event "Peterhof op"]
[Site "Peterhof"]
[Date "2009.01.06"]
[Round "5"]
[White "Potapova, Maria"]
[Black "Fedoseeva, Valentina"]
[Result "1-0"]
[WhiteElo "1853"]
[BlackElo "1766"]
[PlyCount "79"]
[EventDate "2009.01.03"]
[EventType "swiss"]
[EventRounds "9"]
[EventCountry "RUS"]
[SourceTitle "CBM 128 Extra"]
[Source "ChessBase"]
[SourceDate "2009.03.05"]
[SourceVersion "2"]
[SourceVersionDate "2009.03.25"]
[SourceQuality "1"]

1. c4 e5 2. g3 f5 3. Bg2 Nf6 4. e3 g6 5. Ne2 Bg7 6. Nbc3 0-0 7. d3 d6 8. b4 c6 9. 0-0 Qe7 10. Rb1 Be6 11. b5 e4 12. bxc6 bxc6 13. dxe4 fxe4 14. Nxe4 Nxe4 15. Bxe4 Bxc4 16. Bg2 Bxa2 17. Rb4 d5 18. Ra4 Bc4 19. Ba3 Qb7 20. Bxf8 Bxf8 21. Qc2 Qb5 22. Nd4 Qc5 23. Rb1 Nd7 24. Ne6 Qd6 25. Nxf8 Nxf8 26. Rb7 a6 27. Qd2 Bb5 28. Bxd5+ Qxd5 29. Qxd5+ cxd5 30. Rxb5 Nd7 31. Rba5 Rf8 32. Rd4 Ne5 33. Rdxd5 Ng4 34. Rd2 Nf6 35. Rxa6 Ne4 36. Rda2 Nc3 37. R2a3 Nb5 38. R3a5 Nc7 39. Ra7 Ne6 40. Ra8 1-0

[Event "Petrovskaya Ladya op"]
[Site "Peterhof"]
[Date "2007.01.03"]
[Round "1"]
[White "Bulmaga, Irina"]
[Black "Potapova, Maria"]
[Result "1-0"]
[WhiteElo "2101"]
[BlackElo "1862"]
[PlyCount "81"]
[EventDate "2007.01.03"]
[EventType "swiss"]
[EventRounds "9"]
[EventCountry "RUS"]
[SourceTitle "CBM 116 Extra"]
[Source "ChessBase"]
[SourceDate "2007.03.07"]
[SourceVersion "1"]
[SourceVersionDate "2007.03.07"]
[SourceQuality "1"]

1. e4 c5 2. Nf3 Nc6 3. Bb5 e6 4. c3 Nf6 5. Qe2 a6 6. Ba4 b5 7. Bc2 Bb7 8. 0-0 Be7 9. a4 0-0 10. Re1 b4 11. d3 Rc8 12. h3 d5 13. e5 Nd7 14. Bf4 Na5 15. Nbd2 c4 16. d4 b3 17. Bb1 Bc6 18. Nh2 Re8 19. Qh5 g6 20. Qf3 Nb6 21. Bh6 Nxa4 22. Ng4 Nb7 23. Qf4 Ra8 24. Re3 Rf8 25. Bxf8 Qxf8 26. Rf3 Nd8 27. h4 Nxb2 28. h5 a5 29. Nf1 a4 30. hxg6 fxg6 31. Qd2 Qg7 32. Qxb2 a3 33. Qd2 Ba4 34. Nf6+ Bxf6 35. exf6 Qf8 36. Qg5 b2 37. Ra2 Bb3 38. Bxg6 Nf7 39. Qh5 h6 40. Bb1 Bxa2 41. Qg6+ 1-0